000 00571nam a2200217Ia 4500
999 _c41215
_d41215
001 7867
003 GE_BSU
005 20220927123902.0
008 181216s2012||||enk|||||||||||||| ||eng||
020 _a9781444112054
040 _cGE_BSU
041 _aeng
080 _a811.111-8(075.8)+81 T-17
100 _aTallerman, Maggie
_914849
245 _aUnderstanding Syntax /
_cMaggie Tallerman.
264 _aLondon :
_bHodder Education,
_c2012.
300 _a312 p.;
_b23 cm.
653 _aUnderstanding Syntax
653 _aსინტაქსი
942 _cBK
_2udc